Asian Capitals - Map Without Borders Quiz - Statistics

General Stats
  • This quiz has been taken 1,962 times
    547 since last reset
  • The average score is 36 of 48
Answers on the Map
Answers color-coded by a green-red scale on the quiz's map according to % correct below.
 
Answer Stats
Answer % Correct
Ankara
94%
Tokyo
87%
Abu Dhabi
86%
Beijing
86%
Seoul
86%
Jerusalem
84%
Kuwait City
84%
Riyadh
84%
Baghdad
83%
Nicosia
83%
Pyongyang
83%
Taipei
83%
Baku
82%
Manila
82%
New Delhi
81%
Jakarta
80%
Sri JayawardenepuraKotte
80%
Tehran
80%
Bangkok
79%
Ulaanbaatar
79%
Beirut
78%
Damascus
78%
Astana
77%
Dhaka
77%
Doha
77%
Muscat
77%
Sana'a
77%
Amman
76%
Hanoi
76%
Kuala Lumpur
76%
Singapore
76%
Tbilisi
76%
Yerevan
75%
Malé
73%
Kathmandu
72%
Islamabad
71%
Bandar SeriBegawan
70%
Phnom Penh
69%
Kabul
68%
Vientiane
68%
Dili
67%
Manama
67%
Naypyidaw
65%
Thimphu
64%
Ashgabat
60%
Bishkek
57%
Dushanbe
55%
Tashkent
53%
No matching quizzes found
Score Distribution
Percent of People with Each Score
Percentile by Number Answered
Your Score History
You have not taken this quiz since the last reset